[Event "Titled Tuesday intern op 27th Jun Early"]
[Site "Chess.com INT"]
[Date "2023.06.27"]
[Round "4"]
[White "Lee, Qing Aun"]
[Black "Andreev, Konstantin"]
[Result "1-0"]
[WhiteElo "2280"]
[BlackElo "2241"]
[PlyCount "103"]
[EventDate "2023.06.27"]
[EventType "swiss (blitz)"]
[EventRounds "11"]
[EventCountry "USA"]
[SourceTitle "EXT 2024"]
[Source "ChessBase"]
[SourceDate "2023.10.10"]
[SourceVersion "1"]
[SourceVersionDate "2023.10.10"]
[SourceQuality "1"]

1. d4 Nf6 2. Nc3 d5 3. Bf4 a6 4. e3 c5 5. dxc5 Qa5 6. Nf3 Qxc5 7. Be2 b5 8. 0-0 e6 9. Ne5 Nc6 10. Bf3 Bb7 11. a4 b4 12. Ne2 Be7 13. Nd4 Nxe5 14. Bxe5 0-0 15. Nb3 Qc6 16. Na5 Qb6 17. Nxb7 Qxb7 18. Qd4 Rac8 19. c4 Bc5 20. Qh4 Ne4 21. cxd5 exd5 22. Rad1 f6 23. Bd4 Bd6 24. Qh3 Rfe8 25. Bg4 Rc2 26. Be6+ Kf8 27. Qf5 Rxe6 28. Qxe6 Qc6 29. Qf5 g6 30. Qh3 Kg7 31. f3 Nd2 32. Rf2 Nb3 33. Rxc2 Qxc2 34. Qd7+ Kh6 35. Rf1 Be5 36. Bxe5 fxe5 37. Qxd5 Qxb2 38. h4 Qc3 39. e4 Nd2 40. Rf2 Nc4 41. Qd8 b3 42. Qg5+ Kg7 43. Qe7+ Kg8 44. h5 gxh5 45. Qg5+ Kf8 46. Qd8+ Kg7 47. Qg5+ Kf8 48. f4 b2 49. fxe5+ Ke8 50. Qg8+ Kd7 51. Qd5+ Kc7 52. Rf7+ 1-0

[Event "Titled Tuesday intern op 27th Jun Early"]
[Site "Chess.com INT"]
[Date "2023.06.27"]
[Round "1"]
[White "Lee, Qing Aun"]
[Black "Wang, Alexander J"]
[Result "1-0"]
[WhiteElo "2280"]
[BlackElo "1821"]
[PlyCount "49"]
[EventDate "2023.06.27"]
[EventType "swiss (blitz)"]
[EventRounds "11"]
[EventCountry "USA"]
[SourceTitle "EXT 2024"]
[Source "ChessBase"]
[SourceDate "2023.10.10"]
[SourceVersion "1"]
[SourceVersionDate "2023.10.10"]
[SourceQuality "1"]

1. d4 d5 2. Nc3 e6 3. Bf4 a6 4. e3 Nf6 5. g4 h6 6. h4 c5 7. Bg2 Nc6 8. g5 hxg5 9. hxg5 Rxh1 10. Bxh1 Nd7 11. Qh5 g6 12. Qh8 cxd4 13. exd4 Qe7 14. 0-0-0 b5 15. Bxd5 Bb7 16. Ne4 exd5 17. Nd6+ Kd8 18. Nxb7+ Kc8 19. Nd6+ Kd8 20. Nf3 Nb6 21. Re1 Qxe1+ 22. Nxe1 Kd7 23. Qh3+ Ke7 24. Qe3+ Kd7 25. Nxf7 1-0

[Event "Titled Tuesday intern op 06th Jun Early"]
[Site "Chess.com INT"]
[Date "2023.06.06"]
[Round "10"]
[White "Lee, Qing Aun"]
[Black "Arencibia Monduy, Antonio"]
[Result "1-0"]
[WhiteElo "2280"]
[BlackElo "2122"]
[PlyCount "77"]
[EventDate "2023.06.06"]
[EventType "swiss (blitz)"]
[EventRounds "11"]
[EventCountry "USA"]
[SourceTitle "EXT 2024"]
[Source "ChessBase"]
[SourceDate "2023.10.10"]
[SourceVersion "1"]
[SourceVersionDate "2023.10.10"]
[SourceQuality "1"]

1. d4 Nf6 2. Nc3 d5 3. Bf4 a6 4. e3 e6 5. g4 Bd6 6. g5 Ne4 7. Nxe4 dxe4 8. Bg2 Bxf4 9. exf4 f5 10. f3 0-0 11. Ne2 exf3 12. Bxf3 Nc6 13. Qd2 Ne7 14. 0-0-0 Bd7 15. Rhe1 Rb8 16. Nc3 c6 17. Na4 b6 18. h4 Qc7 19. h5 Rbd8 20. Nc3 Nd5 21. Nxd5 cxd5 22. h6 g6 23. Re5 Rf7 24. Rde1 Bc8 25. R1e3 Rd6 26. Qe2 Bd7 27. Kb1 Qb7 28. c4 Qc7 29. cxd5 exd5 30. Rc3 Qd8 31. Bxd5 Kf8 32. Bxf7 Kxf7 33. d5 Bb5 34. Qd2 Qd7 35. a3 a5 36. Qc2 Qd8 37. Rc7+ Bd7 38. Qc3 Kf8 39. Re1 1-0

[Event "Titled Tuesday intern op 06th Jun Early"]
[Site "Chess.com INT"]
[Date "2023.06.06"]
[Round "6"]
[White "Lee, Qing Aun"]
[Black "Toktomushev, Teimur"]
[Result "1-0"]
[WhiteElo "2280"]
[BlackElo "2212"]
[PlyCount "43"]
[EventDate "2023.06.06"]
[EventType "swiss (blitz)"]
[EventRounds "11"]
[EventCountry "USA"]
[SourceTitle "EXT 2024"]
[Source "ChessBase"]
[SourceDate "2023.10.10"]
[SourceVersion "1"]
[SourceVersionDate "2023.10.10"]
[SourceQuality "1"]

1. d4 d5 2. Nc3 Nf6 3. Bf4 a6 4. e3 e6 5. g4 c5 6. g5 Nfd7 7. Nf3 Nc6 8. Bg2 b5 9. 0-0 b4 10. Ne2 Be7 11. Ng3 a5 12. c3 Ba6 13. Re1 Nb6 14. e4 a4 15. Ne5 Nxe5 16. Bxe5 0-0 17. cxb4 Nc4 18. bxc5 Nxb2 19. Qg4 Nd3 20. exd5 exd5 21. Bxg7 Nxe1 22. Rxe1 1-0

[Event "Titled Tuesday intern op 06th Jun Early"]
[Site "Chess.com INT"]
[Date "2023.06.06"]
[Round "8"]
[White "Lee, Qing Aun"]
[Black "Zaitsev, Alexander"]
[Result "1-0"]
[WhiteElo "2280"]
[BlackElo "2473"]
[PlyCount "81"]
[EventDate "2023.06.06"]
[EventType "swiss (blitz)"]
[EventRounds "11"]
[EventCountry "USA"]
[SourceTitle "EXT 2024"]
[Source "ChessBase"]
[SourceDate "2023.10.10"]
[SourceVersion "1"]
[SourceVersionDate "2023.10.10"]
[SourceQuality "1"]

1. d4 Nf6 2. Nc3 d5 3. Bf4 a6 4. e3 e6 5. g4 Bb4 6. Bg2 h6 7. h3 c5 8. Nge2 Nc6 9. 0-0 cxd4 10. exd4 0-0 11. Ng3 Bd6 12. Nce2 Bxf4 13. Nxf4 Qb6 14. c3 Qxb2 15. Qf3 Qa3 16. Nfh5 Nxh5 17. Nxh5 Bd7 18. Qg3 Qe7 19. f4 f5 20. gxf5 Rxf5 21. Bf3 Be8 22. Bg4 Rxh5 23. Rae1 Nd8 24. Bxh5 Bxh5 25. f5 Qg5 26. Qxg5 hxg5 27. fxe6 Nc6 28. Rf5 Bg6 29. Rxd5 Re8 30. Rxg5 Bd3 31. d5 Nd8 32. e7 Nf7 33. d6 Bb5 34. Rd5 Bd7 35. Red1 g6 36. Rc5 Kg7 37. Rc7 Ne5 38. Rd5 Kf6 39. Rxe5 Kxe5 40. Rxd7 Ke6 41. Rd8 1-0

[Event "Titled Tuesday intern op 04th Oct Early"]
[Site "Chess.com INT"]
[Date "2022.10.04"]
[Round "6"]
[White "Grover, Sahaj"]
[Black "Lee, Qing Aun"]
[Result "1-0"]
[WhiteElo "2509"]
[BlackElo "2280"]
[PlyCount "99"]
[EventDate "2022.10.04"]
[EventType "swiss (blitz)"]
[EventRounds "11"]
[EventCountry "USA"]
[SourceTitle "EXT 2023"]
[Source "ChessBase"]
[SourceDate "2022.10.05"]
[SourceVersion "1"]
[SourceVersionDate "2022.10.05"]
[SourceQuality "1"]

1. d4 Nf6 2. Bf4 d6 3. e3 g6 4. Nf3 Bg7 5. h3 0-0 6. Bh2 Nbd7 7. Be2 c5 8. c3 b6 9. 0-0 Bb7 10. a4 a6 11. Re1 Rc8 12. Bd3 Ne4 13. Qe2 a5 14. Nfd2 f5 15. Na3 e5 16. Nb5 Qe7 17. Bxe4 fxe4 18. Nc4 d5 19. Ncd6 Rb8 20. dxe5 Nxe5 21. Bxe5 Bxe5 22. Nxb7 Rxb7 23. Rad1 Qe6 24. Rd2 Bb8 25. Red1 Rf5 26. c4 dxc4 27. Rd8+ Kg7 28. Qd2 Be5 29. Qc2 Rbf7 30. R1d2 Qf6 31. R8d7 Rxd7 32. Rxd7+ Kh6 33. Rd2 Qe6 34. Kf1 Bg3 35. Nc3 Be5 36. Qxe4 Qf7 37. g4 Bxc3 38. bxc3 Rf6 39. Rd5 Kg7 40. Qe5 h6 41. Rd6 g5 42. Rxb6 Kg6 43. Qxf6+ Qxf6 44. Rxf6+ Kxf6 45. f4 Ke6 46. Ke2 Kd5 47. Kf3 Kd6 48. Ke4 Ke6 49. f5+ Kf6 50. Kd5 1-0

[Event "Titled Tuesday intern op 04th Oct Early"]
[Site "Chess.com INT"]
[Date "2022.10.04"]
[Round "7"]
[White "Rudzinska, Michalina"]
[Black "Lee, Qing Aun"]
[Result "1-0"]
[WhiteElo "2259"]
[BlackElo "2280"]
[PlyCount "43"]
[EventDate "2022.10.04"]
[EventType "swiss (blitz)"]
[EventRounds "11"]
[EventCountry "USA"]
[SourceTitle "EXT 2023"]
[Source "ChessBase"]
[SourceDate "2022.10.05"]
[SourceVersion "1"]
[SourceVersionDate "2022.10.05"]
[SourceQuality "1"]

1. e4 c5 2. c3 d5 3. exd5 Qxd5 4. d4 g6 5. Nf3 Bg7 6. Nbd2 cxd4 7. Bc4 Qc5 8. cxd4 Qc7 9. 0-0 Nf6 10. b3 0-0 11. Bb2 Bg4 12. Rc1 Qd8 13. h3 Bf5 14. Qe2 Nbd7 15. Rfe1 Re8 16. g4 b5 17. Bxf7+ Kxf7 18. gxf5 gxf5 19. Qe6+ Kg6 20. Nh4+ Kh5 21. Qxf5+ Kh6 22. Ndf3 1-0

[Event "Antwerp World Uni op"]
[Site "Antwerp"]
[Date "2022.09.15"]
[Round "7"]
[White "Tan, Jun Hao"]
[Black "Lee, Qing Aun"]
[Result "0-1"]
[WhiteElo "1796"]
[BlackElo "2262"]
[PlyCount "57"]
[EventDate "2022.09.12"]
[EventType "swiss"]
[EventRounds "9"]
[EventCountry "BEL"]
[SourceTitle "EXT 2023"]
[Source "ChessBase"]
[SourceDate "2022.10.05"]
[SourceVersion "1"]
[SourceVersionDate "2022.10.05"]
[SourceQuality "1"]

1. e4 c5 2. Nc3 g6 3. g3 Bg7 4. Bg2 Nc6 5. Nge2 e5 6. Nd5 Nge7 7. Nec3 d6 8. 0-0 0-0 9. d3 h6 10. h3 Rb8 11. a4 Be6 12. Be3 Nd4 13. Nxe7+ Qxe7 14. Nd5 Bxd5 15. exd5 f5 16. c3 f4 17. cxd4 fxe3 18. fxe3 exd4 19. e4 Rxf1+ 20. Qxf1 Rf8 21. Qe2 Qg5 22. Rf1 Rxf1+ 23. Kxf1 Qxg3 24. Qf3 Qg5 25. Kg1 h5 26. Qd1 Be5 27. Kf1 Bg3 28. Qc2 Qf4+ 29. Ke2 0-1

[Event "Antwerp World Uni blitz op"]
[Site "Antwerp"]
[Date "2022.09.14"]
[Round "2"]
[White "Lee, Qing Aun"]
[Black "Karas, Marek"]
[Result "1-0"]
[WhiteElo "2001"]
[BlackElo "2272"]
[PlyCount "123"]
[EventDate "2022.09.14"]
[EventType "swiss (blitz)"]
[EventRounds "9"]
[EventCountry "BEL"]
[SourceTitle "CBM 210 Extra"]
[Source "ChessBase"]
[SourceDate "2022.11.30"]
[SourceVersion "1"]
[SourceVersionDate "2022.11.30"]
[SourceQuality "1"]

1. d4 Nf6 2. Nc3 e6 3. Bf4 Bb4 4. Qd3 d5 5. Nf3 a6 6. g3 0-0 7. Bg2 c5 8. dxc5 Nbd7 9. 0-0 Nxc5 10. Qd4 Bxc3 11. Qxc3 Nce4 12. Qd4 Bd7 13. Ne5 Rc8 14. c4 Bc6 15. Nxc6 bxc6 16. c5 h6 17. h4 Qe7 18. b4 Rfe8 19. Be5 Nd7 20. Bxe4 Nxe5 21. Qxe5 dxe4 22. Qxe4 Red8 23. Rfd1 Qb7 24. Rd6 Rf8 25. Rad1 a5 26. a3 axb4 27. axb4 Rb8 28. R1d4 Rfc8 29. Rd7 Qa6 30. Qf4 Rf8 31. Rxf7 Rxf7 32. Qxb8+ Kh7 33. Qe5 Rf6 34. Qe4+ Kg8 35. Rd8+ Kf7 36. Rd7+ Kg8 37. Qg4 g6 38. Qd4 Rf7 39. Rd8+ Rf8 40. Rxf8+ Kxf8 41. Qf6+ Ke8 42. Qxg6+ Ke7 43. Qxh6 Qxe2 44. Qg5+ Ke8 45. Qf4 Qd1+ 46. Kh2 Qe2 47. Qb8+ Kf7 48. Qc7+ Kg6 49. Qf4 e5 50. Qg5+ Kf7 51. Qf5+ Kg7 52. Kh3 Qf1+ 53. Kh2 Qe2 54. h5 e4 55. Qg5+ Kf8 56. Qf4+ Kg7 57. g4 Qc2 58. g5 Qe2 59. h6+ Kg6 60. Qf6+ Kh5 61. h7 Kg4 62. h8Q 1-0

[Event "Antwerp World Uni blitz op"]
[Site "Antwerp"]
[Date "2022.09.14"]
[Round "3"]
[White "Tin, Jingyao"]
[Black "Lee, Qing Aun"]
[Result "1-0"]
[WhiteElo "2409"]
[BlackElo "2001"]
[PlyCount "57"]
[EventDate "2022.09.14"]
[EventType "swiss (blitz)"]
[EventRounds "9"]
[EventCountry "BEL"]
[SourceTitle "CBM 210 Extra"]
[Source "ChessBase"]
[SourceDate "2022.11.30"]
[SourceVersion "1"]
[SourceVersionDate "2022.11.30"]
[SourceQuality "1"]

1. d4 Nf6 2. c4 e6 3. Nc3 d5 4. cxd5 exd5 5. Bg5 Be7 6. e3 h6 7. Bh4 0-0 8. Bd3 c6 9. Nf3 Nbd7 10. 0-0 Ne4 11. Bxe7 Qxe7 12. Qc2 f5 13. Rab1 a5 14. a3 Nd6 15. Na4 Ra7 16. Rfc1 Nf6 17. Qc5 b5 18. Ne5 Rc7 19. Nc3 Qe6 20. Nxb5 Nxb5 21. Bxb5 Ne4 22. Qb6 Rb7 23. Qxc6 Nd6 24. Ba6 Rb8 25. Bd3 f4 26. Ng6 fxe3 27. Nxf8 exf2+ 28. Kxf2 Kxf8 29. Rc3 1-0

[Event "Online Olym Div2 A"]
[Site "Chess.com INT"]
[Date "2021.09.04"]
[Round "8.5"]
[White "Lee, Qing Aun"]
[Black "Tarigan, Gilbert Elroy"]
[Result "1/2-1/2"]
[WhiteElo "2262"]
[BlackElo "2149"]
[PlyCount "70"]
[EventDate "2021.09.02"]
[EventType "team (rapid)"]
[EventRounds "9"]
[EventCountry "USA"]
[SourceTitle "CBM 204 Extra"]
[Source "ChessBase"]
[SourceDate "2021.11.30"]
[SourceVersion "1"]
[SourceVersionDate "2021.11.30"]
[SourceQuality "1"]
[WhiteTeam "Singapore"]
[BlackTeam "Indonesia"]
[WhiteTeamCountry "SIN"]
[BlackTeamCountry "INA"]

1. e4 c5 2. Nf3 Nc6 3. d4 cxd4 4. Nxd4 Nf6 5. Nc3 d6 6. Bg5 e6 7. Qd2 a6 8. 0-0-0 Bd7 9. f4 Be7 10. Nb3 b5 11. Bxf6 gxf6 12. Kb1 Qb6 13. h4 h5 14. Rh3 b4 15. Ne2 a5 16. Qd3 a4 17. Nd2 Na5 18. Nc1 Rc8 19. Rf3 a3 20. b3 Rc3 21. Qa6 Qxa6 22. Bxa6 Rg8 23. Bf1 Bc6 24. Ne2 Rxf3 25. gxf3 e5 26. c4 Nb7 27. Bh3 Bd8 28. Nf1 Bb6 29. Nfg3 Rh8 30. Nf5 Bc5 31. Neg3 Kf8 32. Ne2 Rg8 33. Neg3 Rh8 34. Ne2 Rg8 35. Neg3 Rh8 1/2-1/2

[Event "Titled Tuesday intern op 17th Aug"]
[Site "Chess.com INT"]
[Date "2021.08.17"]
[Round "2"]
[White "Lee, Qing Aun"]
[Black "Molina, Roberto Junio Brito"]
[Result "1-0"]
[WhiteElo "2262"]
[BlackElo "2434"]
[PlyCount "55"]
[EventDate "2021.08.17"]
[EventType "swiss (blitz)"]
[EventRounds "11"]
[EventCountry "USA"]
[SourceTitle "EXT 2022"]
[Source "ChessBase"]
[SourceDate "2021.10.06"]
[SourceVersion "1"]
[SourceVersionDate "2021.10.06"]
[SourceQuality "1"]

1. e4 c6 2. d4 d5 3. exd5 cxd5 4. c4 Nf6 5. Nc3 e6 6. c5 Be7 7. Nf3 0-0 8. Bf4 Ne4 9. Qc2 f5 10. Ne5 Nd7 11. f3 Nxc3 12. Qxc3 Nxe5 13. Bxe5 Bd7 14. Bd3 Qe8 15. 0-0 Bb5 16. b4 a6 17. Rfe1 Qc6 18. Qb3 a5 19. Bxb5 Qxb5 20. a4 Qxb4 21. Qxb4 axb4 22. Reb1 Ra7 23. Rxb4 Rfa8 24. Rab1 Bf8 25. Rxb7 Rxb7 26. Rxb7 Rxa4 27. c6 Rc4 28. c7 1-0

[Event "Titled Tuesday intern op 03rd Aug"]
[Site "Chess.com INT"]
[Date "2021.08.03"]
[Round "4"]
[White "Lee, Qing Aun"]
[Black "Berezin, Viktor1111"]
[Result "1-0"]
[WhiteElo "2262"]
[BlackElo "2307"]
[PlyCount "53"]
[EventDate "2021.08.03"]
[EventType "swiss (blitz)"]
[EventRounds "11"]
[EventCountry "USA"]
[SourceTitle "CBM 203 Extra"]
[Source "ChessBase"]
[SourceDate "2021.09.30"]
[SourceVersion "1"]
[SourceVersionDate "2021.09.30"]
[SourceQuality "1"]

1. b3 Nf6 2. Bb2 e6 3. c4 d5 4. e3 b6 5. Nf3 Bb7 6. d4 Be7 7. Bd3 0-0 8. 0-0 c5 9. Qe2 Nc6 10. Na3 Rc8 11. Rac1 Qc7 12. Rfd1 Qb8 13. Ne5 Rfd8 14. cxd5 exd5 15. Bf5 Rc7 16. Nb5 Bc8 17. Nxc7 Qxc7 18. Bxc8 Qxc8 19. dxc5 bxc5 20. Qb5 Nxe5 21. Bxe5 Qf5 22. Bxf6 gxf6 23. Qb7 Kh8 24. Qxe7 Rg8 25. g3 Qg5 26. Rxc5 h5 27. Rdxd5 1-0

[Event "Titled Tuesday intern op 03rd Aug"]
[Site "Chess.com INT"]
[Date "2021.08.03"]
[Round "8"]
[White "Lee, Qing Aun"]
[Black "Martin Duque, Jesus"]
[Result "0-1"]
[WhiteElo "2262"]
[BlackElo "2425"]
[PlyCount "58"]
[EventDate "2021.08.03"]
[EventType "swiss (blitz)"]
[EventRounds "11"]
[EventCountry "USA"]
[SourceTitle "CBM 203 Extra"]
[Source "ChessBase"]
[SourceDate "2021.09.30"]
[SourceVersion "1"]
[SourceVersionDate "2021.09.30"]
[SourceQuality "1"]

1. d4 Nf6 2. Nc3 d5 3. Bf4 e6 4. e3 Bb4 5. Nge2 Nbd7 6. a3 Ba5 7. b4 Bb6 8. Nc1 a5 9. Nb3 axb4 10. axb4 Rxa1 11. Qxa1 0-0 12. Bd3 Nh5 13. Bg3 g6 14. Nc5 Bxc5 15. bxc5 Nxg3 16. hxg3 e5 17. Ne2 c6 18. c4 exd4 19. Qxd4 Qa5+ 20. Kf1 Nxc5 21. Nf4 Nxd3 22. Nxd3 dxc4 23. Nc5 Bf5 24. Ke2 Rd8 25. Qh4 Rd2+ 26. Kf3 Qxc5 27. Qxh7+ Kf8 28. Qh6+ Ke7 29. Qg5+ Ke6 0-1

[Event "Titled Tuesday intern op 03rd Aug"]
[Site "Chess.com INT"]
[Date "2021.08.03"]
[Round "9"]
[White "Zhuravlev, Alexey"]
[Black "Lee, Qing Aun"]
[Result "1-0"]
[WhiteElo "2359"]
[BlackElo "2262"]
[PlyCount "95"]
[EventDate "2021.08.03"]
[EventType "swiss (blitz)"]
[EventRounds "11"]
[EventCountry "USA"]
[SourceTitle "CBM 203 Extra"]
[Source "ChessBase"]
[SourceDate "2021.09.30"]
[SourceVersion "1"]
[SourceVersionDate "2021.09.30"]
[SourceQuality "1"]

1. e4 e6 2. d4 d5 3. Nc3 Bb4 4. e5 c5 5. a3 Bxc3+ 6. bxc3 Ne7 7. Qg4 cxd4 8. Qxg7 Rg8 9. Qxh7 Qc7 10. Ne2 dxc3 11. f4 Nbc6 12. Qd3 d4 13. h4 Bd7 14. h5 0-0-0 15. h6 Rg6 16. h7 Rh8 17. Nxd4 Nxd4 18. Qxd4 Kb8 19. Be3 b6 20. Bd3 Rxg2 21. 0-0-0 Bc6 22. Rhg1 Rh2 23. Qxc3 Nd5 24. Qd4 Qe7 25. Kb2 Kb7 26. Rg8 R8xh7 27. Bxh7 Rxh7 28. c4 Rh2+ 29. Rd2 Rxd2+ 30. Bxd2 Nc7 31. Qd8 Qxd8 32. Rxd8 Be8 33. Bb4 Kc6 34. Bd6 Bd7 35. Bxc7 Kxc7 36. Rf8 Kc6 37. Rxf7 a5 38. Kc3 a4 39. Kb4 Be8 40. Re7 Bd7 41. Rh7 Be8 42. Rg7 Bd7 43. Re7 Kc7 44. f5 Kd8 45. Rxd7+ Kxd7 46. f6 Ke8 47. Kb5 Kf7 48. Kxb6 1-0

[Event "Titled Tuesday intern op 27th July"]
[Site "Chess.com INT"]
[Date "2021.07.27"]
[Round "1"]
[White "Correa, Jose Augusto"]
[Black "Lee, Qing Aun"]
[Result "0-1"]
[WhiteElo "1883"]
[BlackElo "2262"]
[PlyCount "64"]
[EventDate "2021.07.27"]
[EventType "swiss (blitz)"]
[EventRounds "11"]
[EventCountry "USA"]
[SourceTitle "CBM 203 Extra"]
[Source "ChessBase"]
[SourceDate "2021.09.30"]
[SourceVersion "1"]
[SourceVersionDate "2021.09.30"]
[SourceQuality "1"]

1. c4 Nf6 2. Nc3 e5 3. g3 c6 4. d4 exd4 5. Qxd4 Be7 6. Bg2 0-0 7. e4 d6 8. Nge2 Na6 9. 0-0 Nc5 10. Rd1 a5 11. Bf4 Ne6 12. Qd2 Nxf4 13. Nxf4 Nd7 14. Rac1 Ne5 15. b3 Bg4 16. Re1 Bg5 17. Qe3 Qf6 18. f3 Bd7 19. Nce2 Ng6 20. Red1 Nxf4 21. gxf4 Bh6 22. Qd4 Qh4 23. Qxd6 Bh3 24. Qd2 f5 25. e5 Rae8 26. Qe1 Qh5 27. Qg3 Bxg2 28. Kxg2 Re6 29. Rd6 Rxd6 30. exd6 Rd8 31. Rd1 Qe8 32. Nc3 Qe3 0-1

[Event "Titled Tuesday intern op 27th July"]
[Site "Chess.com INT"]
[Date "2021.07.27"]
[Round "7"]
[White "Lee, Qing Aun"]
[Black "Assaubayeva, Bibissara"]
[Result "1-0"]
[WhiteElo "2262"]
[BlackElo "2389"]
[PlyCount "101"]
[EventDate "2021.07.27"]
[EventType "swiss (blitz)"]
[EventRounds "11"]
[EventCountry "USA"]
[SourceTitle "CBM 203 Extra"]
[Source "ChessBase"]
[SourceDate "2021.09.30"]
[SourceVersion "1"]
[SourceVersionDate "2021.09.30"]
[SourceQuality "1"]

1. e4 c5 2. Nf3 d6 3. d4 cxd4 4. Nxd4 Nf6 5. Nc3 a6 6. Bg5 e6 7. f4 h6 8. Bh4 Qb6 9. Qd2 Qxb2 10. Rb1 Qa3 11. e5 dxe5 12. fxe5 Nfd7 13. Be2 Be7 14. Bg3 0-0 15. Rb3 Qa5 16. 0-0 Nxe5 17. Qe3 Nbc6 18. Ncb5 axb5 19. Bxe5 Nxe5 20. Qxe5 b4 21. Bb5 f6 22. Qe4 Bc5 23. Bc4 Qb6 24. Rd3 Rd8 25. Rfd1 Kh8 26. Kh1 Bxd4 27. Rxd4 Rxd4 28. Rxd4 e5 29. Rd1 Be6 30. Bd3 Bg8 31. h3 Rxa2 32. Rb1 b3 33. Kh2 Qc5 34. cxb3 Qd5 35. Qg6 Rd2 36. Be4 Qd6 37. Rf1 Rd4 38. Re1 Qe7 39. Rc1 Qf7 40. Qf5 g6 41. Qf3 f5 42. Bxb7 Rb4 43. Bc6 Rxb3 44. Qf2 e4 45. Ba4 Rd3 46. Rc8 Kh7 47. Qc2 Qe7 48. Rc7 Qxc7+ 49. Qxc7+ Kh8 50. Qe5+ Kh7 51. Be8 1-0

[Event "Titled Tuesday intern op 27th July"]
[Site "Chess.com INT"]
[Date "2021.07.27"]
[Round "8"]
[White "Lee, Qing Aun"]
[Black "Vasquez Schroder, Rodrigo Rafael"]
[Result "1-0"]
[WhiteElo "2262"]
[BlackElo "2459"]
[PlyCount "49"]
[EventDate "2021.07.27"]
[EventType "swiss (blitz)"]
[EventRounds "11"]
[EventCountry "USA"]
[SourceTitle "CBM 203 Extra"]
[Source "ChessBase"]
[SourceDate "2021.09.30"]
[SourceVersion "1"]
[SourceVersionDate "2021.09.30"]
[SourceQuality "1"]

1. e4 c5 2. Nf3 d6 3. d4 cxd4 4. Nxd4 Nf6 5. Nc3 a6 6. Bg5 e6 7. f4 Nbd7 8. Qf3 Qc7 9. 0-0-0 b5 10. a3 Bb7 11. g4 Qb6 12. Bxf6 Nxf6 13. g5 Nd7 14. f5 Ne5 15. Qg3 exf5 16. Nxf5 b4 17. axb4 Qxb4 18. Nd5 Bxd5 19. Rxd5 Rb8 20. Rxe5+ dxe5 21. Qxe5+ Kd7 22. Bxa6 Kc6 23. Nd4+ Kd7 24. Bb5+ Kc8 25. Qe8+ 1-0

[Event "Titled Tuesday intern op 06th July"]
[Site "Chess.com INT"]
[Date "2021.07.06"]
[Round "7"]
[White "Lee, Qing Aun"]
[Black "Manukyan, Artyom"]
[Result "1-0"]
[WhiteElo "2262"]
[BlackElo "2097"]
[PlyCount "78"]
[EventDate "2021.07.06"]
[EventType "swiss (blitz)"]
[EventRounds "11"]
[EventCountry "USA"]
[SourceTitle "EXT 2022"]
[Source "ChessBase"]
[SourceDate "2021.10.06"]
[SourceVersion "1"]
[SourceVersionDate "2021.10.06"]
[SourceQuality "1"]

1. e4 c5 2. Nf3 d6 3. d4 cxd4 4. Nxd4 Nf6 5. Nc3 g6 6. Be3 Bg7 7. f3 0-0 8. Bc4 Nc6 9. Qd2 Bd7 10. 0-0-0 Rc8 11. Bb3 Ne5 12. g4 Nc4 13. Bxc4 Rxc4 14. Kb1 Re8 15. h4 b5 16. h5 b4 17. Nce2 Qa5 18. Bh6 Bh8 19. hxg6 fxg6 20. Nb3 Qc7 21. Nf4 Rc8 22. Rh2 a5 23. g5 a4 24. gxf6 axb3 25. Qd5+ e6 26. Nxe6 bxa2+ 27. Ka1 Bxe6 28. Qxe6+ Qf7 29. Qxd6 Bxf6 30. e5 Be7 31. Qd3 Qf5 32. Qxf5 gxf5 33. e6 Rxc2 34. Rg1+ Kh8 35. Bg7+ Kg8 36. Bc3+ Kf8 37. Rxh7 Ke8 38. Rg8+ Bf8 39. Bxb4 Rc1+ 1-0

[Event "Titled Tuesday intern op 06th July"]
[Site "Chess.com INT"]
[Date "2021.07.06"]
[Round "3"]
[White "Lee, Qing Aun"]
[Black "Sieciechowicz, Marcin"]
[Result "1-0"]
[WhiteElo "2262"]
[BlackElo "2386"]
[PlyCount "87"]
[EventDate "2021.07.06"]
[EventType "swiss (blitz)"]
[EventRounds "11"]
[EventCountry "USA"]
[SourceTitle "EXT 2022"]
[Source "ChessBase"]
[SourceDate "2021.10.06"]
[SourceVersion "1"]
[SourceVersionDate "2021.10.06"]
[SourceQuality "1"]

1. e4 e6 2. d4 d5 3. Nd2 c5 4. exd5 Qxd5 5. Ngf3 cxd4 6. Bc4 Qd6 7. 0-0 Nf6 8. Nb3 Nc6 9. Nbxd4 Nxd4 10. Nxd4 a6 11. Re1 Qc7 12. Bb3 Bd7 13. Qf3 Bd6 14. h3 0-0 15. Bg5 Bh2+ 16. Kh1 Be5 17. Rad1 h6 18. Bh4 Bc6 19. Nxc6 bxc6 20. c3 Nd5 21. Bc2 Bf6 22. Qe4 g6 23. c4 Bxh4 24. Qxh4 Nb4 25. Bb1 c5 26. Qxh6 Rfd8 27. a3 Nc6 28. Bxg6 fxg6 29. Qxg6+ Kf8 30. Rc1 Nd4 31. Rc3 Qf7 32. Qh6+ Qg7 33. Qh4 Nf5 34. Qf4 Rd4 35. Qf3 Rb8 36. g4 Rxb2 37. gxf5 Qf7 38. Qa8+ Kg7 39. Rg3+ Kh7 40. fxe6 Qf6 41. Qg8+ Kh6 42. e7 Rxf2 43. Qg6+ Qxg6 44. Rxg6+ 1-0

[Event "Titled Tuesday intern op 06th July"]
[Site "Chess.com INT"]
[Date "2021.07.06"]
[Round "8"]
[White "Villegas, Pierre"]
[Black "Lee, Qing Aun"]
[Result "0-1"]
[WhiteElo "2367"]
[BlackElo "2262"]
[PlyCount "96"]
[EventDate "2021.07.06"]
[EventType "swiss (blitz)"]
[EventRounds "11"]
[EventCountry "USA"]
[SourceTitle "EXT 2022"]
[Source "ChessBase"]
[SourceDate "2021.10.06"]
[SourceVersion "1"]
[SourceVersionDate "2021.10.06"]
[SourceQuality "1"]

1. d4 f5 2. Nc3 Nf6 3. Bg5 Nc6 4. f3 d5 5. e3 e6 6. h4 Be7 7. h5 b6 8. Nge2 Bb7 9. Nf4 Qd7 10. Bb5 a6 11. Bxc6 Bxc6 12. Nd3 Bb7 13. Ne5 Qd6 14. h6 g6 15. Qe2 Rf8 16. 0-0-0 Nh5 17. Bxe7 Qxe7 18. Rh3 0-0-0 19. g4 Nf6 20. g5 Nd7 21. Nxd7 Rxd7 22. f4 Rfd8 23. Qe1 Kb8 24. Ne2 a5 25. Ng1 Ba6 26. Nf3 Rc8 27. Ne5 Rd6 28. Qc3 Kb7 29. Rh2 Qf8 30. Rhd2 Qe7 31. Qa3 Qe8 32. b3 c5 33. Kb1 Rdd8 34. dxc5 Rxc5 35. c4 Rdc8 36. cxd5 exd5 37. Rxd5 Rxd5 38. Rxd5 Bb5 39. Qb2 Bc6 40. Rd4 Be4+ 41. Ka1 Rc2 42. Qa3 Qc8 43. Qe7+ Ka6 44. Nc4 Rc1+ 45. Kb2 Rc2+ 46. Ka3 Qc6 47. Rd6 Qc5+ 48. Ka4 Qb4# 0-1